Improving pavement with long term pavement performance (Record no. 528024)
[ view plain ]
| 000 -LEADER | |
|---|---|
| fixed length control field | 00318nam a22001337a 4500 |
| 003 - CONTROL NUMBER IDENTIFIER | |
| control field | NUST |
| 038 ## - RECORD CONTENT LICENSOR | |
| Staff Name | M.Ramzan |
| 082 ## - DEWEY DECIMAL CLASSIFICATION NUMBER | |
| Classification number | 625.8 |
| Author Mark | FHW |
| 100 ## - MAIN ENTRY--PERSONAL NAME | |
| Personal name | FHWA |
| 9 (RLIN) | 19474 |
| 245 ## - TITLE STATEMENT | |
| Title | Improving pavement with long term pavement performance |
| Statement of responsibility, etc. | FHWA |
| 260 ## - PUBLICATION, DISTRIBUTION, ETC. | |
| Place of publication, distribution, etc. | USA |
| Name of publisher, distributor, etc. | FHWA |
| Date of publication, distribution, etc. | 2006 |
| 300 ## - PHYSICAL DESCRIPTION | |
| Extent | 144 P, : |
| Dimensions | 25cm |
| 942 ## - ADDED ENTRY ELEMENTS (KOHA) | |
| Source of classification or shelving scheme | |
| Koha item type | Book |
| Withdrawn status | Lost status | Source of classification or shelving scheme | Damaged status | Not for loan | Permanent Location | Current Location | Date acquired | Total Checkouts | Full call number | Barcode | Date last seen | Price effective from | Koha item type |
|---|---|---|---|---|---|---|---|---|---|---|---|---|---|
| School of Civil and Environmental Engineering (SCEE) | School of Civil and Environmental Engineering (SCEE) | 08/26/2019 | 625.8 FHW | NIT-10173 | 08/26/2019 | 08/26/2019 | Book |
